| 000 | 00424nam a22001697a 4500 | ||
|---|---|---|---|
| 999 |
_c10973 _d10973 |
||
| 003 | OSt | ||
| 008 | 210814b ||||| |||| 00| 0 eng d | ||
| 020 | _a9788190105910 | ||
| 082 |
_a158.1 _bTOP |
||
| 100 | G | _aTOLLE, Eckhart | |
| 245 | _aThe Power of Now: A Guide To Spiritual Enlightenment | ||
| 250 | _aRep | ||
| 260 |
_aMumbai _bYogi Impressions _c2020 |
||
| 300 | _a192 | ||
| 650 | _aMotivational | ||
| 942 |
_2ddc _cBK _03 |
||